000 004450000a22001690004500
041 0 _aSPA
082 0 4 _aG 251 A958p
100 1 _aÁvila Arteaga, Mariano
245 1 0 _aPrincipios de la exposición bíblica / Mariano Ávila Arteaga
260 _aMiami, FL., USA : Logoi
300 _a558 Pag
001 6057
942 _cBK
999 _c36389
_d36389
336 _atexto
_btxt
_2rdacontent
337 _2rdamedia
_asin mediación
_bn
338 _2rdacarrier
_avolumen
_bnc